000 00402nam a22001697a 4500
003 MACL
005 20151223170925.0
008 151223b xxu||||| |||| 00| 0 eng d
040 _cMACL
041 _aEnglish
082 _a741.642/
100 _aHanley Asha
_922609
245 _aThe Enchanted Saarang
260 _aChennai
_bTulika Publishers
_c2011
650 _aChildren
_922610
942 _2ddc
_cBK
999 _c51783
_d51783